Statistics for Random trivia

Click here to take the quiz!

General Stats

  • This quiz has been taken 50 times
  • The average score is 8 of 15

Answer Stats

HintAnswer% Correct
Which country are you visiting if you are in the Taj Mahal?India
90%
How many times did Ross Geller marry and divorce on Friends?3
85%
What is the furthest planet from the sun?Neptune
83%
How many countries are there in the world196
73%
What is the capital of Australia?Canberra
68%
The line "To be or not to be" comes from which Shakespeare play?Hamlet
68%
What is it called when a bowler makes three strikes in a row?Turkey
58%
What is considered the largest empire in history?Mongol
53%
In the United Kingdom, what is the day after Christmas known as?Boxing day
50%
What animal has the strongest bite?hippopotamus
43%
What is the fifth sign of the zodiac?leo
28%
Who is the first (and only as of now) Disney princess to have a tattoo?Pocahontas
23%
What was the name of the international group formed to maintain world peace after World War I?The League of Nations
23%
Which legendary British rock group performed during the 2006 Super Bowl Halftime?The Rolling Stones
20%
What was Taylor Swift's first song to chart on the Billboard Hot 100?Tim McGraw
3%

Score Distribution

Percentile by Number Answered

Percent of People with Each Score

Your Score History

You have not taken this quiz